LEADER 00966cam0 2200265 450 001 E600200007442 005 20200406065521.0 100 $a20041116d1992 |||||ita|0103 ba 101 $aita 102 $aIT 200 1 $a<>dipintura poetica$eProblemi di costruzione del racconto nei testi di teoria e critica della letteratura e di altre arti del primo Settecento$fCarmela Lombardi 210 $aChieti$cMarino Solfanelli Editore$d1992 215 $a168 p.$d21 cm 225 2 $aAthenaeum$v5 410 1$1001SOBE00056041$12001 $a*Athenaeum$v5 700 1$aLombardi$b, Carmela$3A600200028954$4070$0618035 801 0$aIT$bUNISOB$c20200406$gRICA 850 $aUNISOB 852 $aUNISOB$j800$m91492 912 $aE600200007442 940 $aM 102 Monografia moderna SBN 941 $aM 957 $a800$b000340$gSI$d91492$rdono$1pregresso2$2UNISOB$3UNISOB$420041116101155.0$520200318102214.0$6Spinosa 996 $aDipintura poetica$91670173 997 $aUNISOB